An integrated approach to control of white root disease in Sri Lanka (Record no. 54152)

MARC details
000 -LEADER
fixed length control field 00644nam a2200181Ia 4500
100 ## - MAIN ENTRY--AUTHOR NAME
Personal name Liyanage A de S
245 #3 - TITLE STATEMENT
Title An integrated approach to control of white root disease in Sri Lanka
260 ## - PUBLICATION, DISTRIBUTION, ETC. (IMPRINT)
Name of publisher Proceedings of the International Rubber Conference, Colombo, 1984, V1. Part 1; p19-46Proceedings of the International Rubber Conference, Colombo, 1984, V1. Part 2; p499-520
650 ## - SUBJECT ADDED ENTRY--TOPICAL TERM
Topical Term Disease control
650 ## - SUBJECT ADDED ENTRY--TOPICAL TERM
Topical Term Sri Lanka
650 ## - SUBJECT ADDED ENTRY--TOPICAL TERM
Topical Term White root disease
700 ## - ADDED ENTRY--PERSONAL NAME
Personal name Amaratunga W
700 ## - ADDED ENTRY--PERSONAL NAME
Personal name Peries O S
700 ## - ADDED ENTRY--PERSONAL NAME
Personal name Senadeera E A T
700 ## - ADDED ENTRY--PERSONAL NAME
Personal name Warnapura S S
942 ## - ADDED ENTRY ELEMENTS (KOHA)
Koha item type Journals
Holdings
Withdrawn status Lost status Damaged status Not for loan Home library Current library Shelving location Date acquired Koha item type
      Journals RRII Library RRII Library Pathology 17/12/2021 Journals